书目信息 |
| 题名: |
探矿取宝
|
|
| 作者: | 王来明 主编 | |
| 分册: | 矿冶卷 | |
| 出版信息: | 济南 山东科学技术出版社 2009.01 |
|
| 页数: | 312页 | |
| 开本: | 24cm | |
| 丛书名: | 自然科学向导丛书 | |
| 单 册: | ||
| 中图分类: | P61-49 , TD8-49 | |
| 科图分类: | ||
| 主题词: | 矿产资源--kuang chan zi yuan--普及读物 | |
| 电子资源: | ||
| ISBN: | 978-7-5331-4678-8 | |
| 000 | 00935nam 2200265 450 | |
| 001 | 012010641890 | |
| 005 | 20100513112424.09 | |
| 010 | @a978-7-5331-4678-8@dCNY35.00 | |
| 100 | @a20100429d2009 em y0chiy0120 ea | |
| 101 | 0 | @achi |
| 102 | @aCN@b370000 | |
| 105 | @aa z 000yy | |
| 106 | @ar | |
| 200 | 1 | @a探矿取宝@Atan kuang qu bao@i矿冶卷@f王来明主编@Fwang lai ming zhu bian |
| 210 | @a济南@c山东科学技术出版社@d2009.01 | |
| 215 | @a312页@c图@d24cm | |
| 225 | 2 | @a自然科学向导丛书@Azi ran ke xue xiang dao cong shu |
| 330 | @a本书概括了矿冶学科的科普知识,主要介绍了我国矿产资源概况;矿产资源开采基础理论;各种选矿方法,以及贵金属矿产、有色金属等冶金的提炼加工知识。 | |
| 410 | 0 | @12001 @a自然科学向导丛书 |
| 606 | 0 | @a矿产资源@Akuang chan zi yuan@j普及读物 |
| 690 | @aP61-49@v4 | |
| 690 | @aTD8-49@v4 | |
| 701 | 0 | @a王来明@Awang lai ming@4主编 |
| 801 | 0 | @aCN@bQSSK@c20100513 |
| 905 | @b779434-35@dP61-49@eW254@f2 | |
| 探矿取宝.矿冶卷/王来明主编.-济南:山东科学技术出版社,2009.01 |
| 312页:图;24cm.-(自然科学向导丛书) |
| ISBN 978-7-5331-4678-8:CNY35.00 |
| 本书概括了矿冶学科的科普知识,主要介绍了我国矿产资源概况;矿产资源开采基础理论;各种选矿方法,以及贵金属矿产、有色金属等冶金的提炼加工知识。 |
| ● |
| 相关链接 |
|
|
|
正题名:探矿取宝
索取号:P61-49/W254
 
预约/预借
| 序号 | 登录号 | 条形码 | 馆藏地/架位号 | 状态 | 备注 |
| 1 | 779434 | 207794341 | 自科库401/401自科库 130排1列4层/ [索取号:P61-49/W254] | 在馆 | |
| 2 | 779435 | 207794350 | 自科二线504/504自科库 47排3列1层/ [索取号:P61-49/W254] | 在馆 |